| 000 | 00432nam a22001217a 4500 | ||
|---|---|---|---|
| 999 |
_c18754 _d18754 |
||
| 008 | 210209b xxu||||| |||| 00| 0 eng d | ||
| 050 |
_aGMB1239 _b.T37 2015 c.1 |
||
| 100 | _aTarus, Lawrence | ||
| 245 | _aRelationship between innovation strategies on competitive advantage among banks listed in Nairobi securities exchange | ||
| 260 |
_aKabarak, Nakuru, Kenya _bKabarak University _c2015 |
||
| 300 | _a70 leaves | ||
| 942 |
_2lcc _cTHE |
||